[Event "4NCL Online Division 7"]
[Site "online"]
[Date "2021.04.20"]
[EventDate "2021.04.20"]
[Round "7.222"]
[White "Hanlon, Hugh"]
[WhiteElo "1353"]
[WhiteTeam "Grangemouth Guerillas"]
[Black "Sumagaysay, Neil"]
[BlackElo "1689"]
[BlackTeam "Braunstone 2"]
[Result "0-1"]
[PlyCount "68"]

1. e4 e5 2. Bc4 Bc5 3. Nf3 Nf6 4. Nc3 O-O 5. O-O d6 6. d4 exd4 7. Nxd4 Bg4 8. Nf3 Nbd7 9. Bf4 Re8 10. Qd3 c6 11. h3 Bh5 12. Rae1 h6 13. e5 Bg6 14. Qd2 dxe5 15. Be3 e4 16. Nh4 Bh7 17. Bxc5 Nxc5 18. Re2 Qc7 19. Re3 Rad8 20. Qe2 b5 21. Bb3 Nxb3 22. cxb3 g5 23. Rg3 Kh8 24. Nf5 Bxf5 25. h4 g4 26. Qe3 Kh7 27. Ne2 Nh5 28. Nf4 Nxf4 29. Re1 Nh5 30. Qc3 Nxg3 31. fxg3 Re6 32. h5 Rd3 33. Qc2 Qxg3 34. Rf1 Rd5 0-1

[Event "4NCL Online Division 7"]
[Site "online"]
[Date "2021.04.20"]
[EventDate "2021.04.20"]
[Round "7.223"]
[White "Fowler, David"]
[WhiteElo "1223"]
[WhiteTeam "Grangemouth Guerillas"]
[Black "Pyun, Lindsay"]
[BlackElo "1428"]
[BlackTeam "Braunstone 2"]
[Result "0-1"]
[PlyCount "114"]

1. e4 e5 2. Nf3 Nc6 3. c3 Nf6 4. d4 exd4 5. e5 Ne4 6. cxd4 d5 7. Nc3 Bb4 8. Qb3 Be6 9. Bb5 Bxc3+ 10. bxc3 O-O 11. O-O Rb8 12. Nd2 Nxd2 13. Bxd2 Na5 14. Qc2 a6 15. Bd3 h6 16. Qc1 f5 17. Re1 Nc4 18. Be3 Nxe3 19. Rxe3 Qg5 20. Rg3 Qxc1+ 21. Rxc1 f4 22. Rf3 Bg4 23. Be2 Bxf3 24. Bxf3 c6 25. e6 Rfe8 26. Re1 Re7 27. Bh5 Kh7 28. Bf7 Rf8 29. Kf1 g6 30. f3 Kg7 31. Kf2 Rfxf7 32. exf7 Rxe1 33. Kxe1 Kxf7 34. Kf2 Kf6 35. g3 Kf5 36. a3 h5 37. h4 fxg3+ 38. Kxg3 b5 39. Kf2 Kf4 40. Kg2 Ke3 41. Kg3 Kd3 42. Kf4 Kxc3 43. Kg5 Kxd4 44. Kxg6 c5 45. f4 b4 46. axb4 cxb4 47. f5 b3 48. f6 b2 49. Kg7 b1=Q 50. f7 Qf5 51. f8=Q Qxf8+ 52. Kxf8 Ke5 53. Kg7 d4 54. Kh6 d3 55. Kxh5 d2 56. Kg6 d1=Q 57. h5 Qxh5+ 0-1

[Event "4NCL Online Division 7"]
[Site "online"]
[Date "2021.04.20"]
[EventDate "2021.04.20"]
[Round "7.224"]
[White "Mehta, Hatle"]
[WhiteElo "1188"]
[WhiteTeam "Braunstone 2"]
[Black "Whitton, Nicholas"]
[BlackElo "1041"]
[BlackTeam "Grangemouth Guerillas"]
[Result "1-0"]
[PlyCount "83"]

1. d4 d5 2. Bf4 Bf5 3. e3 c6 4. Nf3 e6 5. Nbd2 Qa5 6. c3 Nf6 7. Qb3 b5 8. Bxb8 Rxb8 9. Ne5 Qc7 10. Ndf3 Bd6 11. Be2 O-O 12. Nh4 Bxe5 13. dxe5 Qxe5 14. Nxf5 Qxf5 15. h3 Ne4 16. f3 Ng3 17. Rg1 Nxe2 18. Kxe2 e5 19. g4 Qg6 20. Rg3 c5 21. Qxd5 Rbd8 22. Qxe5 Qc2+ 23. Kf1 Rd1+ 24. Rxd1 Qxd1+ 25. Kg2 Qc2+ 26. Kh1 Qxb2 27. Qxc5 Qc1+ 28. Rg1 Qd2 29. Qxb5 Qe2 30. Qxe2 h6 31. Rd1 Kh7 32. Qd3+ g6 33. f4 Re8 34. f5 Kg7 35. fxg6 fxg6 36. Qd7+ Kf8 37. Rf1+ Kg8 38. Qf7+ Kh8 39. Qxe8+ Kg7 40. Qf7+ Kh8 41. Qf8+ Kh7 42. Rf7# 1-0

[Event "4NCL Online Division 7"]
[Site "online"]
[Date "2021.04.20"]
[EventDate "2021.04.20"]
[Round "7.231"]
[White "Poghosyan, Jake"]
[WhiteElo "1415"]
[WhiteTeam "KCJS 2"]
[Black "Cepoi, Gesneria-Codruta"]
[BlackElo "942"]
[BlackTeam "Uxbridge Fury"]
[Result "0-1"]
[PlyCount "86"]

1. e4 c6 2. d4 d5 3. Nc3 e6 4. Bf4 b5 5. a3 Ba6 6. Nf3 Nf6 7. e5 Nfd7 8. Bd3 f6 9. Qe2 Qe7 10. exf6 Nxf6 11. Ne5 b4 12. axb4 Bxd3 13. Nxd3 Qd7 14. Nc5 Qe7 15. N3a4 Kf7 16. Qe5 Nbd7 17. Qc7 h6 18. c3 g5 19. Bg3 h5 20. Nb7 Ne4 21. Nac5 Ndxc5 22. Qxe7+ Bxe7 23. Nxc5 Nxg3 24. hxg3 Bd6 25. Kd2 Rh6 26. Rh2 h4 27. Rah1 Rah8 28. Rh3 Kg7 29. gxh4 gxh4 30. Nb7 Bf4+ 31. Kd3 e5 32. Nc5 e4+ 33. Ke2 Bg5 34. g3 hxg3 35. Rxh6 Rxh6 36. Rxh6 g2 37. Rxc6 g1=Q 38. Rc7+ Kh6 39. Rc6+ Kh5 40. Rc8 Qg4+ 41. Kf1 Qxc8 42. Kg2 Bc1 43. Kf1 Bxb2 0-1

[Event "4NCL Online Division 7"]
[Site "online"]
[Date "2021.04.20"]
[EventDate "2021.04.20"]
[Round "7.232"]
[White "Mangalagiri, Pranav"]
[WhiteElo "957"]
[WhiteTeam "Uxbridge Fury"]
[Black "Kucukyildiz, Alp Tugrul"]
[BlackElo "1421"]
[BlackTeam "KCJS 2"]
[Result "0-1"]
[PlyCount "54"]

1. e4 e5 2. Nf3 Nf6 3. Nc3 Nc6 4. Bb5 Nd4 5. Nxd4 exd4 6. Nd5 Nxd5 7. exd5 a6 8. Ba4 Be7 9. O-O O-O 10. d3 d6 11. a3 Bd7 12. Bb3 Re8 13. Bf4 Bg5 14. Bxg5 Qxg5 15. Qf3 Re5 16. Rfe1 Rae8 17. Rxe5 Qxe5 18. g3 Bh3 19. Qd1 Qf5 20. c4 dxc3 21. bxc3 Qf6 22. d4 Bf5 23. Bc2 Bxc2 24. Qxc2 Qf3 25. Qd2 Re2 26. Re1 Qxf2+ 27. Kh1 Qxh2# 0-1

[Event "4NCL Online Division 7"]
[Site "online"]
[Date "2021.04.20"]
[EventDate "2021.04.20"]
[Round "7.233"]
[White "Singh, Hari"]
[WhiteElo "1404"]
[WhiteTeam "KCJS 2"]
[Black "Kapoor, Devansh"]
[BlackElo "915"]
[BlackTeam "Uxbridge Fury"]
[Result "1-0"]
[PlyCount "39"]

1. d4 e6 2. Nf3 c5 3. c3 cxd4 4. cxd4 d5 5. e3 Bd7 6. Bd3 Nc6 7. Nbd2 Bb4 8. O-O a6 9. a3 Bxd2 10. Bxd2 Nf6 11. Re1 O-O 12. Ne5 Re8 13. f4 Ne4 14. Bc3 Nxe5 15. fxe5 Nxc3 16. bxc3 f6 17. Qh5 Rf8 18. Bxh7+ Kh8 19. Bg6+ Kg8 20. Qh7# 1-0

[Event "4NCL Online Division 7"]
[Site "online"]
[Date "2021.04.20"]
[EventDate "2021.04.20"]
[Round "7.234"]
[White "Peddireddi, Satya"]
[WhiteElo "920"]
[WhiteTeam "Uxbridge Fury"]
[Black "Gupta, Aarav G"]
[BlackElo "1316"]
[BlackTeam "KCJS 2"]
[Result "1/2-1/2"]
[PlyCount "74"]

1. e4 e5 2. Nf3 Nc6 3. Nc3 Nf6 4. b3 d6 5. h3 h6 6. Bb5 Bd7 7. Bc4 a6 8. a4 Be7 9. Bb2 O-O 10. d3 Be6 11. Bd5 Bxd5 12. exd5 Nd4 13. O-O Nxf3+ 14. Qxf3 Nh7 15. Ne4 f5 16. Ng3 Ng5 17. Qh5 a5 18. h4 Nh7 19. Nxf5 Bf6 20. Qg4 Kh8 21. Rae1 Ra6 22. f4 Rb6 23. fxe5 dxe5 24. Rxe5 Qd7 25. Bd4 Bxe5 26. Bxe5 Nf6 27. Qg6 Qf7 28. Qg3 Rb4 29. d4 Nh5 30. Qg4 Nf6 31. Bxf6 Qxf6 32. h5 c5 33. dxc6 bxc6 34. Ne3 Qe7 35. Rxf8+ Qxf8 36. Qd7 Qf6 37. Nf5 Rb8 1/2-1/2

[Event "4NCL Online Division 7"]
[Site "online"]
[Date "2021.04.20"]
[EventDate "2021.04.20"]
[Round "7.241"]
[White "Clarke, Anthony J"]
[WhiteElo "1430"]
[WhiteTeam "Enfield 2"]
[Black "Deacon, Matthew"]
[BlackElo "1559"]
[BlackTeam "Wessex Some Stars G"]
[Result "0-1"]
[PlyCount "70"]

1. d4 Nf6 2. Nf3 g6 3. c4 d5 4. e3 Bg7 5. Nc3 O-O 6. Be2 c5 7. O-O cxd4 8. Nxd4 dxc4 9. Bxc4 a6 10. Be2 Qc7 11. h3 b5 12. a3 Bb7 13. Bd2 Nc6 14. Nxc6 Bxc6 15. Rc1 Qb7 16. f3 Rfd8 17. Qc2 Rac8 18. e4 Nxe4 19. fxe4 Bd4+ 20. Kh1 Bxc3 21. Bxc3 Bxe4 22. Bf3 Bxf3 23. Rxf3 Rd7 24. Qf2 f6 25. h4 Rd5 26. Re1 Rc4 27. g3 g5 28. Bb4 g4 29. Rf4 Rd2+ 30. Kg1 Rxf2 31. Rxf2 Re4 32. Rc1 Re3 33. Kh2 Kf7 34. Rfc2 h5 35. Rc7 Re2+ 0-1

[Event "4NCL Online Division 7"]
[Site "online"]
[Date "2021.04.20"]
[EventDate "2021.04.20"]
[Round "7.242"]
[White "Bucchi, Andrea"]
[WhiteElo "1559"]
[WhiteTeam "Wessex Some Stars G"]
[Black "McWilliams, Mark"]
[BlackElo "1380"]
[BlackTeam "Enfield 2"]
[Result "1-0"]
[PlyCount "119"]

1. e4 e6 2. d4 d5 3. exd5 exd5 4. Bd3 Bd6 5. Nf3 Nf6 6. O-O O-O 7. h3 c6 8. Bg5 Nbd7 9. Re1 h6 10. Bh4 Qc7 11. Nc3 b6 12. Ne2 Bb7 13. Bg3 Rfe8 14. c3 Nf8 15. Bc2 Ng6 16. Bxd6 Qxd6 17. Ng3 Rxe1+ 18. Qxe1 Re8 19. Qd2 Ne4 20. Nxe4 dxe4 21. Re1 c5 22. dxc5 Qxd2 23. Nxd2 bxc5 24. Bxe4 f5 25. Bd5+ Kf8 26. Rxe8+ Kxe8 27. Bxb7 Ne5 28. Bc8 Nd3 29. Bxf5 Nxb2 30. Nb3 Nd1 31. c4 Nc3 32. Nxc5 Nxa2 33. Ne6 Kf7 34. Nd4 Nb4 35. c5 Ke7 36. c6 Kd6 37. Nb5+ Kxc6 38. Nxa7+ Kd5 39. Nb5 Ke5 40. Bg4 Nd5 41. Bf3 Nf6 42. Nc3 g5 43. Nd1 h5 44. Ne3 Kf4 45. Nd5+ Nxd5 46. Bxd5 g4 47. hxg4 hxg4 48. Kh2 Kf5 49. Kg3 Kg5 50. Be4 Kh5 51. Kf4 Kh4 52. g3+ Kh3 53. Bg2+ Kxg2 54. Kxg4 Kxf2 55. Kf4 Kg2 56. g4 Kh3 57. Kf5 Kh4 58. g5 Kh5 59. g6 Kh6 60. Kf6 1-0

[Event "4NCL Online Division 7"]
[Site "online"]
[Date "2021.04.20"]
[EventDate "2021.04.20"]
[Round "7.243"]
[White "McHugh, Ralph"]
[WhiteElo "1311"]
[WhiteTeam "Enfield 2"]
[Black "Peacock, Christopher D"]
[BlackElo "1495"]
[BlackTeam "Wessex Some Stars G"]
[Result "1-0"]
[PlyCount "87"]

1. c4 Nf6 2. Nc3 d5 3. cxd5 Nxd5 4. e4 Nxc3 5. bxc3 e5 6. Nf3 Bd6 7. d4 Nd7 8. Bc4 Nb6 9. Bb3 Qe7 10. d5 Bd7 11. a4 a5 12. O-O O-O 13. Be3 Kh8 14. c4 f6 15. Rc1 Bc5 16. Bxc5 Qxc5 17. Kh1 Rfd8 18. h3 c6 19. Nh2 Qf8 20. c5 Nc8 21. f4 exf4 22. Rxf4 Ne7 23. d6 Ng6 24. Rf3 Ne5 25. Rf2 Qe8 26. Nf3 Rab8 27. Nxe5 Qxe5 28. Qe1 b6 29. cxb6 Rxb6 30. Qe3 Rdb8 31. Rc5 Qxd6 32. Rxa5 Rxb3 33. Qxb3 Be6 34. Qf3 Rb1+ 35. Rf1 Qb8 36. Rxb1 Qxb1+ 37. Kh2 Qb8+ 38. Qg3 Qb4 39. Ra8+ Bg8 40. Ra7 g6 41. Qc7 Qf8 42. e5 f5 43. e6 f4 44. Qe5+ 1-0

[Event "4NCL Online Division 7"]
[Site "online"]
[Date "2021.04.20"]
[EventDate "2021.04.20"]
[Round "7.244"]
[White "Blythe, Douglas"]
[WhiteElo "1457"]
[WhiteTeam "Wessex Some Stars G"]
[Black "March, Steven J"]
[BlackElo "1295"]
[BlackTeam "Enfield 2"]
[Result "1-0"]
[PlyCount "135"]

1. c4 c5 2. Nc3 Nf6 3. g3 d5 4. cxd5 Nxd5 5. Bg2 Nxc3 6. bxc3 Nc6 7. Nf3 e6 8. O-O Be7 9. d4 O-O 10. e4 cxd4 11. cxd4 Rb8 12. Bf4 Bd6 13. e5 Be7 14. h4 Nb4 15. Bg5 Nd5 16. Bxe7 Nxe7 17. Qd3 h6 18. Nd2 Bd7 19. Ne4 Bc6 20. Rfe1 Kh8 21. Rad1 Qd5 22. Rd2 Nf5 23. f4 Qa5 24. Red1 Bb5 25. Qf3 Bc6 26. Kh2 Ne7 27. Qf2 Ba4 28. Rc1 Rfc8 29. Rxc8+ Rxc8 30. Nd6 Rc3 31. Nxf7+ Kg8 32. Nd6 Qc7 33. Nxb7 Bc6 34. Nc5 Bxg2 35. Qxg2 Qc8 36. Ne4 Rc7 37. Nd6 Qf8 38. Rc2 Rd7 39. Qh3 Nf5 40. Rc8 Rd8 41. Rxd8 Qxd8 42. Nxf5 exf5 43. Qxf5 Qxd4 44. Qe6+ Kh7 45. f5 Qf2+ 46. Kh3 Qf1+ 47. Kg4 Qe2+ 48. Kf4 Qf2+ 49. Ke4 Qc2+ 50. Kd4 Qb2+ 51. Kc5 Qa3+ 52. Kc6 Qf3+ 53. Kd6 Qa3+ 54. Kd7 Qa4+ 55. Ke7 Qb4+ 56. Kf7 Qb7+ 57. Qe7 Qd5+ 58. Qe6 Qb7+ 59. Ke8 Qb5+ 60. Kf8 Qb8+ 61. Qe8 Qb4+ 62. Kf7 Qc4+ 63. e6 Qc7+ 64. Qe7 Qe5 65. Kf8 Qxf5+ 66. Qf7 Qc5+ 67. e7 a5 68. g4 1-0

[Event "4NCL Online Division 7"]
[Site "online"]
[Date "2021.04.20"]
[EventDate "2021.04.20"]
[Round "7.251"]
[White "Colm, O'Hara"]
[WhiteElo "1892"]
[WhiteTeam "BCC Dinosaurs"]
[Black "Kanellopoulos, Nikolas"]
[BlackElo "1531"]
[BlackTeam "Colchester JFF B"]
[Result "1/2-1/2"]
[PlyCount "66"]

1. e4 e5 2. Nf3 Nc6 3. d4 exd4 4. Bc4 Bc5 5. c3 dxc3 6. Bxf7+ Kxf7 7. Qd5+ Ke8 8. Qh5+ g6 9. Qxc5 d6 10. Qxc3 Qf6 11. Bd2 h6 12. O-O Qxc3 13. Nxc3 Bd7 14. Nd5 Kd8 15. Rac1 Be6 16. Bc3 Rh7 17. Nf4 Bxa2 18. e5 dxe5 19. Rfd1+ Rd7 20. Nxe5 Nxe5 21. Bxe5 Rxd1+ 22. Rxd1+ Ke7 23. Bxc7 Rc8 24. Bd6+ Kf7 25. h3 Rd8 26. Ra1 Rxd6 27. Rxa2 Rd1+ 28. Kh2 Rd2 29. Rxa7 Rxb2 30. f3 Kf6 31. Nd3 Rb1 32. Nc5 b6 33. Ne4+ Kf5 1/2-1/2

[Event "4NCL Online Division 7"]
[Site "online"]
[Date "2021.04.20"]
[EventDate "2021.04.20"]
[Round "7.252"]
[White "Chung, Vince"]
[WhiteElo "1495"]
[WhiteTeam "Colchester JFF B"]
[Black "Evans, Damian"]
[BlackElo "1510"]
[BlackTeam "BCC Dinosaurs"]
[Result "0-1"]
[PlyCount "48"]

1. e4 e5 2. Nf3 d6 3. Bc4 c6 4. O-O Be7 5. Re1 Nf6 6. d4 Nbd7 7. Nc3 O-O 8. d5 Qc7 9. dxc6 bxc6 10. Bg5 h6 11. Bh4 Re8 12. b3 Nf8 13. Bd3 Ng6 14. Na4 Nxh4 15. Nxh4 Bf8 16. Nf5 Bxf5 17. exf5 d5 18. c4 e4 19. cxd5 cxd5 20. Bc2 Qe5 21. Nc5 Bxc5 22. Kh1 Bxf2 23. Re2 Ng4 24. Qd2 Qxh2# 0-1

[Event "4NCL Online Division 7"]
[Site "online"]
[Date "2021.04.20"]
[EventDate "2021.04.20"]
[Round "7.253"]
[White "Reis, David"]
[WhiteElo "1411"]
[WhiteTeam "BCC Dinosaurs"]
[Black "Catabay, Rezin C"]
[BlackElo "1306"]
[BlackTeam "Colchester JFF B"]
[Result "0-1"]
[PlyCount "80"]

1. d4 d5 2. Bf4 Nf6 3. e3 c5 4. c3 Nc6 5. Bb5 a6 6. Bxc6+ bxc6 7. h3 Bf5 8. Nf3 e6 9. O-O Bd6 10. Bxd6 Qxd6 11. Nbd2 cxd4 12. cxd4 O-O 13. b3 c5 14. dxc5 Qxc5 15. Nd4 Bg6 16. Rc1 Qa5 17. a4 Rac8 18. Nc6 Qc7 19. Nd4 Qd6 20. Rxc8 Rxc8 21. Qa1 e5 22. Rc1 Rxc1+ 23. Qxc1 exd4 24. Qc8+ Qf8 25. Qxf8+ Kxf8 26. exd4 Ne4 27. Nxe4 Bxe4 28. b4 Bc2 29. a5 Ke7 30. f4 Kd6 31. Kf2 Kc6 32. g4 Kb5 33. Ke3 Kxb4 34. f5 Kxa5 35. Kf4 Kb4 36. Ke5 Be4 37. g5 a5 38. h4 a4 39. h5 a3 40. f6 g6 0-1

[Event "4NCL Online Division 7"]
[Site "online"]
[Date "2021.04.20"]
[EventDate "2021.04.20"]
[Round "7.254"]
[White "Popovici, Serena"]
[WhiteElo "1250"]
[WhiteTeam "Colchester JFF B"]
[Black "Cummins, Mark"]
[BlackElo "1162"]
[BlackTeam "BCC Dinosaurs"]
[Result "0-1"]
[PlyCount "80"]

1. e4 c6 2. d4 d5 3. e5 Bf5 4. Nf3 e6 5. Nc3 c5 6. Be3 cxd4 7. Bxd4 Nc6 8. Bb5 a6 9. Ba4 b5 10. Bb3 Bg4 11. a3 Bxf3 12. Qxf3 Nxd4 13. Qd3 Nxb3 14. cxb3 Ne7 15. O-O Nc6 16. Rac1 Nxe5 17. Qe3 Bd6 18. h3 Qh4 19. f4 Ng6 20. Nxd5 O-O 21. Rc6 Bb8 22. Nb6 Ba7 23. Kh2 Ne7 24. g3 Qh5 25. g4 Bxb6 26. Qxb6 Qd5 27. Rc5 Qd2+ 28. Kg1 Nd5 29. Qb7 Qe3+ 30. Rf2 Qxc5 31. b4 Qc1+ 32. Rf1 Qxb2 33. f5 Ne3 34. Qf3 Nxf1 35. Qxf1 Rac8 36. Qf2 Rc1+ 37. Kg2 Rc2 38. Qxc2 Qxc2+ 39. Kf1 Rd8 40. Ke1 Rd1# 0-1

[Event "4NCL Online Division 7"]
[Site "online"]
[Date "2021.04.20"]
[EventDate "2021.04.20"]
[Round "7.261"]
[White "Wilson, Bryan"]
[WhiteElo "1495"]
[WhiteTeam "St Andrews White Cross 2"]
[Black "Vera, Louis"]
[BlackElo "1112"]
[BlackTeam "MHJ Knights"]
[Result "1-0"]
[PlyCount "107"]

1. d4 d5 2. c4 e6 3. Nf3 Nf6 4. Bg5 Be7 5. e3 h6 6. Bh4 Nc6 7. Nc3 O-O 8. Bd3 dxc4 9. Bxc4 Re8 10. O-O Bd6 11. Qc2 a6 12. Rad1 b5 13. Be2 Bb7 14. d5 Nb4 15. Qb3 g5 16. dxe6 Rxe6 17. Bg3 Qe7 18. Bxd6 cxd6 19. Qxb4 Rd8 20. Nd4 Re5 21. Bf3 Kg7 22. Bxb7 Qxb7 23. Nf3 Re6 24. Rd2 Ne4 25. Nxe4 Rxe4 26. Qc3+ f6 27. Rfd1 b4 28. Qc2 Rc8 29. Qd3 Re6 30. Nd4 Re4 31. Nf5+ Kg6 32. Nxd6 Qc7 33. Nxe4 Kg7 34. Ng3 a5 35. Nh5+ Kf7 36. Qh7+ Ke6 37. Qxc7 Rxc7 38. Rd6+ Kf5 39. Rxf6+ Ke5 40. f3 Rc2 41. Ra6 Rxb2 42. Rxa5+ Ke6 43. Rd4 g4 44. Re4+ Kd6 45. Rxg4 b3 46. Rg6+ Ke7 47. Ra7+ Kf8 48. axb3 Rb1+ 49. Kf2 Rb2+ 50. Kg3 Rc2 51. Rxh6 Rxg2+ 52. Kxg2 Kg8 53. Nf6+ Kf8 54. Rh8# 1-0

[Event "4NCL Online Division 7"]
[Site "online"]
[Date "2021.04.20"]
[EventDate "2021.04.20"]
[Round "7.262"]
[White "Qiu, Calvin"]
[WhiteElo "932"]
[WhiteTeam "MHJ Knights"]
[Black "Stamp, Edward"]
[BlackElo "1473"]
[BlackTeam "St Andrews White Cross 2"]
[Result "1-0"]
[PlyCount "95"]

1. e4 e5 2. Nf3 Nf6 3. Nc3 Nc6 4. d4 d6 5. Bg5 h6 6. Bh4 Bg4 7. h3 Bxf3 8. gxf3 g5 9. Bg3 Nxd4 10. h4 Rg8 11. hxg5 hxg5 12. Bh3 Nxf3+ 13. Qxf3 g4 14. Qf5 Be7 15. Bg2 Qd7 16. Qxd7+ Nxd7 17. Nd5 Bd8 18. Bh4 c6 19. Bxd8 Kxd8 20. Ne3 Kc7 21. Rh4 Nf6 22. O-O-O Rg7 23. Nf5 Rh7 24. Rxh7 Nxh7 25. Nxd6 Rf8 26. Nf5 Ng5 27. Ne3 Rh8 28. Nxg4 Nxe4 29. Bxe4 Rh4 30. f3 Rh5 31. Nf6 Rg5 32. Ne8+ Kb6 33. Nd6 f6 34. Rf1 Kc7 35. Ne8+ Kd7 36. Nxf6+ Ke6 37. Ne8 Kd7 38. Nf6+ Ke6 39. Nh7 Rg7 40. f4 Rg4 41. f5+ Kf7 42. Bf3 Rg7 43. Bh5+ Kg8 44. Nf6+ Kf8 45. Ne4 Rg2 46. f6 Rh2 47. Bd1 Rh4 48. Nc5 1-0

[Event "4NCL Online Division 7"]
[Site "online"]
[Date "2021.04.20"]
[EventDate "2021.04.20"]
[Round "7.263"]
[White "Ezra, Raymond"]
[WhiteElo "1234"]
[WhiteTeam "St Andrews White Cross 2"]
[Black "Sawyer, Charlie"]
[BlackElo "925"]
[BlackTeam "MHJ Knights"]
[Result "1-0"]
[PlyCount "131"]

1. e4 e5 2. Nf3 Nc6 3. Bc4 h6 4. d3 Nf6 5. Nc3 Bc5 6. Na4 Bd6 7. Qe2 b6 8. Nc3 Bb7 9. Bd2 Qe7 10. Nb5 O-O-O 11. Nxd6+ Qxd6 12. Bb5 a6 13. Bc4 Nd4 14. Nxd4 Qxd4 15. Bc3 Qc5 16. b4 Qc6 17. Bxe5 d5 18. Bxf6 Qxf6 19. e5 Qe6 20. Bb3 Rhe8 21. O-O Qg6 22. f3 Qf5 23. Rfe1 g5 24. d4 h5 25. Qd3 Qe6 26. Re2 Rh8 27. Qe3 Rdg8 28. g3 g4 29. f4 h4 30. Rf1 Qf5 31. c3 hxg3 32. hxg3 Qh5 33. Kf2 Qh2+ 34. Ke1 Qh7 35. f5 Qg7 36. f6 Qg6 37. Bc2 Qh5 38. Bf5+ Kb8 39. Kd2 Bc8 40. Qf4 Rg5 41. Bxc8 Kxc8 42. Qf2 Qh6 43. e6 fxe6 44. Rxe6 Rf5+ 45. Re3 Rxf2+ 46. Rxf2 Rf8 47. f7 Qg6 48. Re8+ Kd7 49. Rxf8 Ke7 50. Re8+ Kd7 51. f8=Q Qg5+ 52. Qf4 Qg6 53. Qf5+ Qxf5 54. Rxf5 Kxe8 55. Rg5 c6 56. Rxg4 a5 57. bxa5 bxa5 58. Rf4 Kd7 59. g4 Kd6 60. g5 c5 61. dxc5+ Kxc5 62. g6 d4 63. cxd4+ Kc4 64. g7 Kb4 65. g8=Q Ka3 66. Qb3# 1-0

[Event "4NCL Online Division 7"]
[Site "online"]
[Date "2021.04.20"]
[EventDate "2021.04.20"]
[Round "7.271"]
[White "Hemmings, Peter J"]
[WhiteElo "1626"]
[WhiteTeam "Wantage B"]
[Black "Roberts, Harry"]
[BlackElo "1248"]
[BlackTeam "Horsham 3"]
[Result "1-0"]
[PlyCount "47"]

1. e4 e5 2. Nf3 Nc6 3. Bb5 a6 4. Ba4 Nf6 5. O-O Be7 6. Re1 b5 7. Bb3 d6 8. c3 Na5 9. Bc2 c5 10. d4 O-O 11. dxc5 dxc5 12. Qxd8 Rxd8 13. Nxe5 Bb7 14. Nd2 Bd6 15. Nef3 Re8 16. e5 Bxf3 17. Nxf3 Nc4 18. exd6 Nxd6 19. Bf4 Nc4 20. b3 Na3 21. Rac1 b4 22. c4 Rxe1+ 23. Nxe1 Re8 24. Kf1 1-0

[Event "4NCL Online Division 7"]
[Site "online"]
[Date "2021.04.20"]
[EventDate "2021.04.20"]
[Round "7.272"]
[White "Hosker, Monika"]
[WhiteElo "1237"]
[WhiteTeam "Horsham 3"]
[Black "Richards, Simon A"]
[BlackElo "1614"]
[BlackTeam "Wantage B"]
[Result "0-1"]
[PlyCount "64"]

1. d4 e6 2. e4 c5 3. c3 d5 4. e5 Nc6 5. Nf3 cxd4 6. cxd4 Be7 7. Bb5 Bd7 8. a3 f6 9. Bxc6 Bxc6 10. O-O Qb6 11. b4 a5 12. bxa5 Rxa5 13. Nc3 h6 14. a4 Bb4 15. Bd2 Ne7 16. Rb1 Nf5 17. Rxb4 Qxb4 18. Nb5 Qxa4 19. Nd6+ Nxd6 20. Bxa5 Qxa5 21. exd6 Kd7 22. Qb1 Kxd6 23. Qg6 Qc7 24. Re1 Be8 25. Qg3+ Kd7 26. Qxg7+ Kd6 27. Qxh8 Qf7 28. Qxh6 b5 29. Ra1 Qc7 30. Qxf6 Qc3 31. Ra7 Qc1+ 32. Ne1 Qxe1# 0-1

[Event "4NCL Online Division 7"]
[Site "online"]
[Date "2021.04.20"]
[EventDate "2021.04.20"]
[Round "7.273"]
[White "Mills, Matt"]
[WhiteElo "1439"]
[WhiteTeam "Wantage B"]
[Black "Cowley, Charlie"]
[BlackElo "1219"]
[BlackTeam "Horsham 3"]
[Result "1-0"]
[PlyCount "83"]

1. e4 c5 2. Nc3 Nc6 3. Nf3 g6 4. Bc4 Bg7 5. O-O Nf6 6. d3 a6 7. Ng5 e6 8. a3 O-O 9. Nf3 Qc7 10. Be3 b6 11. Rb1 Bb7 12. b4 b5 13. Ba2 cxb4 14. axb4 Ng4 15. d4 Nxe3 16. fxe3 Ne7 17. e5 Qxc3 18. Qe2 Nf5 19. Rb3 Qc7 20. Rc1 Bh6 21. c4 Bd5 22. Rbc3 Bxc4 23. Bxc4 bxc4 24. Nd2 Qb7 25. Nxc4 Qb5 26. R1c2 Bxe3+ 27. Nxe3 Qxe2 28. Rxe2 Nxd4 29. Rd2 Nb5 30. Rcd3 Rfd8 31. Rxd7 Rxd7 32. Rxd7 Kf8 33. Ng4 Rc8 34. Nf6 Kg7 35. g4 Rc4 36. g5 Rxb4 37. Rd8 Rb1+ 38. Kf2 Rb2+ 39. Ke1 Rb1+ 40. Kd2 Rb2+ 41. Kc1 Nc7 42. Rg8# 1-0

[Event "4NCL Online Division 7"]
[Site "online"]
[Date "2021.04.20"]
[EventDate "2021.04.20"]
[Round "7.281"]
[White "Cox, David"]
[WhiteElo "1252"]
[WhiteTeam "MK Phoenix 5"]
[Black "Tarigopula, Pawan Kumar"]
[BlackElo "1280"]
[BlackTeam "Uxbridge Eagles"]
[Result "0-1"]
[PlyCount "68"]

1. e4 e5 2. f4 Nc6 3. Nf3 d6 4. Bc4 Be7 5. O-O Nf6 6. Nc3 O-O 7. d4 exd4 8. Nxd4 Nxd4 9. Qxd4 Be6 10. f5 Bxc4 11. Qxc4 c6 12. Qe2 Nd7 13. Bf4 Qb6+ 14. Kh1 Qxb2 15. Qd3 Nc5 16. Qd2 Rad8 17. a4 Qb6 18. Qe2 f6 19. Qg4 Qa5 20. Bh6 Rf7 21. Bd2 Qc7 22. Bf4 Nd7 23. Ne2 Ne5 24. Qg3 d5 25. exd5 Rxd5 26. c4 Rd8 27. Qf2 b6 28. Rfd1 Rxd1+ 29. Rxd1 Bc5 30. Qg3 Re7 31. Nd4 Bxd4 32. Rxd4 Qc8 33. Bxe5 Qxf5 34. Bf4 Qb1+ 0-1

[Event "4NCL Online Division 7"]
[Site "online"]
[Date "2021.04.20"]
[EventDate "2021.04.20"]
[Round "7.282"]
[White "Tarigopula, Varish"]
[WhiteElo "1258"]
[WhiteTeam "Uxbridge Eagles"]
[Black "Wayne, Steven"]
[BlackElo "1205"]
[BlackTeam "MK Phoenix 5"]
[Result "1-0"]
[PlyCount "95"]

1. e4 c6 2. Nc3 d5 3. d4 dxe4 4. Nxe4 Bf5 5. Ng3 Bg6 6. h4 h5 7. Nf3 e6 8. Bd3 Bxd3 9. Qxd3 Nf6 10. Bg5 Be7 11. O-O-O Ng4 12. Bxe7 Qxe7 13. Rdf1 Nd7 14. Nd2 Ngf6 15. f3 Nd5 16. Re1 Qd6 17. Nf5 Qf8 18. Nc4 O-O-O 19. Nfd6+ Kb8 20. Qb3 N7b6 21. a4 Rxd6 22. Nxd6 Qxd6 23. a5 Nc8 24. a6 b6 25. Qa4 b5 26. Qb3 Qf4+ 27. Kb1 Qxd4 28. Re4 Qb6 29. Qa3 Nf6 30. Rf4 Qc7 31. Rd4 Nd5 32. Rhd1 Qg3 33. Qc5 Kc7 34. c4 bxc4 35. Rxc4 Qd6 36. Qa5+ Ncb6 37. Rcd4 Kb8 38. Ka1 Qg3 39. Qc5 Rc8 40. Qc2 Ne3 41. Qe2 Nxd1 42. Qxd1 Qxg2 43. Rd8 Nc4 44. Qb3+ Nb6 45. Qd1 Qf2 46. Qd6+ Ka8 47. Qxc6+ Kb8 48. Qb7# 1-0

[Event "4NCL Online Division 7"]
[Site "online"]
[Date "2021.04.20"]
[EventDate "2021.04.20"]
[Round "7.283"]
[White "Tierney, John"]
[WhiteElo "1200"]
[WhiteTeam "MK Phoenix 5"]
[Black "Jebananthan, Jeshan"]
[BlackElo "1199"]
[BlackTeam "Uxbridge Eagles"]
[Result "0-1"]
[PlyCount "60"]

1. d4 d5 2. c4 Nf6 3. Nf3 Bf5 4. e3 Nc6 5. Nc3 e6 6. h3 Bb4 7. Bd2 Ne4 8. h4 h5 9. a3 Bxc3 10. bxc3 Bg4 11. Bd3 Nf6 12. Qb3 Na5 13. Qb5+ c6 14. Qb1 dxc4 15. Bc2 Qd5 16. Ra2 Bxf3 17. Rh3 Bxg2 18. Rg3 Ng4 19. Rb2 f5 20. Rxb7 Nxb7 21. Qxb7 O-O 22. Qe7 Rab8 23. Rxg2 Qxg2 24. Qxe6+ Kh8 25. Qxc4 Qxf2+ 26. Kd1 Qg1+ 27. Be1 Nxe3+ 28. Kd2 Nxc4+ 29. Ke2 Rfe8+ 30. Kd3 Qf1# 0-1

[Event "4NCL Online Division 7"]
[Site "online"]
[Date "2021.04.20"]
[EventDate "2021.04.20"]
[Round "7.301"]
[White "Fell, Colin C"]
[WhiteElo "1622"]
[WhiteTeam "Crowthorne 2"]
[Black "Fisher, Peter"]
[BlackElo "1622"]
[BlackTeam "Far, Far Away"]
[Result "1-0"]
[PlyCount "127"]

1. d3 d5 2. g3 e5 3. Bg2 Nf6 4. Nd2 b6 5. e4 d4 6. h3 c5 7. Ne2 Be7 8. O-O O-O 9. f4 Nbd7 10. Nc4 Qc7 11. fxe5 Nxe5 12. Nxe5 Qxe5 13. Bf4 Qe6 14. e5 Nd5 15. Kh2 Bb7 16. Qd2 Rad8 17. a4 f6 18. exf6 Bxf6 19. Ng1 Qd7 20. a5 Nxf4 21. Rxf4 Bxg2 22. Qxg2 Bg5 23. Rxf8+ Rxf8 24. axb6 axb6 25. Ra8 Be3 26. Rxf8+ Kxf8 27. Qa8+ Qe8 28. Qxe8+ Kxe8 29. Nf3 Ke7 30. Ne5 Ke6 31. Nc4 Bc1 32. Nxb6 Bxb2 33. Nc4 Bc1 34. Kg2 g5 35. Kf3 h5 36. Ke4 g4 37. hxg4 hxg4 38. Ne5 Be3 39. Nxg4 Bg5 40. Ne5 Bf6 41. Nc4 Bg5 42. g4 Bh6 43. Ne5 Bg7 44. Nf3 Bf8 45. Ng5+ Kd6 46. Nf7+ Ke6 47. Ng5+ Kd6 48. Nf3 Ke6 49. g5 Bg7 50. Nh4 Kf7 51. Kd5 Bf8 52. g6+ Kf6 53. Nf3 Kxg6 54. Ne5+ Kf5 55. Nd7 Bg7 56. Nxc5 Bh8 57. Ne6 Bf6 58. Nxd4+ Kf4 59. Ne6+ Ke3 60. c4 Be7 61. d4 Kd3 62. c5 Kc3 63. c6 Bf6 64. c7 1-0